000 00681nam a2200205Ia 4500
003 OSt
005 20251129114942.0
008 220926b |||||||| |||| 00| 0 eng d
037 _cReference Collections
040 _aRTL
_cRTL
_beng
041 _2eng
_aeng
084 _a"RxJ96:g, M6/SC"
_qRTL
100 _aDavis Philip J.
_9371200
245 0 _aDescartes' dream
_bThe world according to mathematics
260 _aLondon
_bPenguin Books
_c1986
300 _a"xvii,320p"
_ccm.
_bIncludes bibliographical references and index
700 _a Hersh Reuben
_9371201
_eCo-author
942 _h"RxJ96:g, M6/SC"
_cREF
_2CC
_n0
999 _c691426
_d691426